000 00666nam a2200205 i 4500
001 75541
003 ES-MaACL
005 20230906172511.0
007 t|
008 040924s1964 sp ||||1| spa d
100 1 _aGrewe, Horst-Eberhard.
_959964
245 1 0 _aAtlas de técnica quirúrgica /
_cH. E. Grewe, Karl Kremer ; traducido por C. E. Torner Baduell.
250 _a[1ª ed.].
260 _aBarcelona :
_bSalvat,
_c[1964]
300 _a2 v. :
_bprincipalmente lám. ;
_c28 cm.
700 1 _aKremer, Karl.
_968806
700 1 _aTorner Baduell, Carlos-Enrique.
_9150227
852 _aES-MaACL
_jC-27521-2
_bR.56292
852 _aES-MaACL
_jC-26837-8
_bR.55907
999 _c75541
_d75541